Maternidad, feminidad y muerte: la mirada de "los otros" frente a la mujer acusada de infanticidio /
Wedi'i Gadw mewn:
| Prif Awdur: | |
|---|---|
| Awduron Eraill: | |
| Fformat: | Texto |
| Iaith: | Spanish |
| Cyhoeddwyd: |
San José, Costa Rica:
Editorial Universidad de Costa Rica
2002
|
| Cyfres: | Serie Instituto de Investigaciones Sociales
|
| Pynciau: | |
| Tagiau: |
Ychwanegu Tag
Dim Tagiau, Byddwch y cyntaf i dagio'r cofnod hwn!
|
MARC
| LEADER | 00000 a a2200000 04500 | ||
|---|---|---|---|
| 001 | 18747 | ||
| 003 | cru CIDCACS/IIS | ||
| 005 | 20221027162428.0 | ||
| 008 | 210209b2002 cr ||||| |||| 00| 0 spa d | ||
| 020 | |a 9977-67-696-8 | ||
| 040 | |c CIDCACS/IIS | ||
| 090 | |a 02.04.02 C111m | ||
| 100 | |a Caamaño Morúa, Carmen | ||
| 245 | |a Maternidad, feminidad y muerte: la mirada de "los otros" frente a la mujer acusada de infanticidio / |c Carmen Caamaño Morúa | ||
| 260 | |a San José, Costa Rica: |b Editorial Universidad de Costa Rica |c 2002 | ||
| 300 | |a 123 páginas | ||
| 490 | |a Serie Instituto de Investigaciones Sociales | ||
| 500 | |a Colección: Instituto de Investigaciones Sociales | ||
| 650 | |a MUJERES | ||
| 650 | |a MADRES | ||
| 650 | |a SALUD MATERNOINFANTIL | ||
| 650 | |a FAMILIA | ||
| 650 | |a VIOLENCIA | ||
| 650 | |a MUERTES | ||
| 650 | 0 | |a INFANTICIDIO |9 9956 | |
| 650 | |a PUB.IIS | ||
| 651 | 0 | |9 32 |a COSTA RICA | |
| 700 | |a Rangel Núñez, Ana Constanza | ||
| 852 | 1 | 1 | |h 02.04.02 C111m |i 21262 |
| 942 | |2 ddc |c LI | ||
| 999 | |c 6235 |d 6235 | ||



